[Event "IND-chB (Women) 35th"]
[Site "Calicut"]
[Date "2008.06.06"]
[Round "1"]
[White "Mohota, Nisha"]
[Black "Poojakanth, M."]
[Result "1-0"]
[WhiteElo "2401"]
[BlackElo "1844"]
[PlyCount "123"]
[EventDate "2008.06.06"]
[EventType "swiss"]
[EventRounds "11"]
[EventCountry "IND"]
[SourceTitle "CBM 124 Extra"]
[Source "ChessBase"]
[SourceDate "2008.07.03"]
[SourceVersion "1"]
[SourceVersionDate "2008.07.03"]
[SourceQuality "1"]

1. d4 d5 2. c4 c6 3. Nc3 Nf6 4. e3 Bf5 5. cxd5 cxd5 6. Qb3 Qd7 7. Nf3 e6 8. Bb5 Nc6 9. Ne5 Qc7 10. Qa4 Rc8 11. Qxa7 Bb4 12. Bxc6+ bxc6 13. Qxc7 Rxc7 14. Bd2 0-0 15. f3 Ra8 16. Ke2 Nd7 17. Nxd7 Rxd7 18. Rhc1 Rda7 19. a3 Bd6 20. h3 Rb7 21. Nd1 Ra6 22. Rc3 Kf8 23. Rac1 Rbb6 24. b4 Ke7 25. Nf2 Kd7 26. e4 Bg6 27. e5 Be7 28. g4 h6 29. Rg1 Ra8 30. f4 Rba6 31. Bc1 R6a7 32. Bb2 Ra6 33. Nd1 Be4 34. Ne3 R6a7 35. Rf1 Rh8 36. Rfc1 Ra6 37. b5 cxb5 38. Rc7+ Ke8 39. Rb7 Ra8 40. Rcc7 Bf8 41. Rxf7 Bxa3 42. Bxa3 Rxa3 43. Rxg7 Kf8 44. Rgc7 Ra2+ 45. Ke1 Ra1+ 46. Nd1 Ra8 47. f5 exf5 48. gxf5 Rg8 49. Rf7+ Ke8 50. f6 Rg1+ 51. Kf2 Rg2+ 52. Kf1 Rg8 53. Rbe7+ Kd8 54. Rg7 Rxg7 55. Rxg7 Ra1 56. Rg8+ Kd7 57. f7 Rxd1+ 58. Kf2 Bd3 59. f8Q Rf1+ 60. Ke3 Rxf8 61. Rxf8 Be4 62. Rh8 1-0